Dgp kit of Mathematics/ (Record no. 164206)

MARC details
000 -LEADER
fixed length control field 00599nam a22001937a 4500
005 - DATE AND TIME OF LATEST TRANSACTION
control field 20190514105239.0
010 ## - LCCN (DPL NO)
LC control number B-009937
020 ## - INTERNATIONAL STANDARD BOOK NUMBER
International Standard Book Number 8186651578
Terms of availability 150.00
035 ## - SYSTEM CONTROL NUMBER
System control number B-009937
037 ## - SOURCE OF ACQUISITION
Source of stock number/acquisition DBAD/PUB
082 ## - DEWEY DECIMAL CLASSIFICATION NUMBER
Classification number 510
100 ## - MAIN ENTRY--PERSONAL NAME
Personal name Cheema, S.S
245 ## - TITLE STATEMENT
Title Dgp kit of Mathematics/
Statement of responsibility, etc S.S, Cheema
260 ## - PUBLICATION, DISTRIBUTION, ETC. (IMPRINT)
Place of publication, distribution, etc New Delhi
Name of publisher, distributor, etc Dhillon Group of publications
Date of publication, distribution, etc 2000
270 ## - ADDRESS
Address E- 12, kalkaji,
City New Delhi
Postal code 110019
Telephone number 6488448
300 ## - PHYSICAL DESCRIPTION
Extent 520p.
Dimensions 23cm.(Hbk)
942 ## - ADDED ENTRY ELEMENTS (KOHA)
Source of classification or shelving scheme Dewey Decimal Classification
Item type English Books
Classification part 510
Call number suffix CHE
Holdings
Withdrawn status Lost status Not for loan Collection code Home library Current library Date acquired Source of acquisition Cost, normal purchase price Full call number Barcode Copy number Cost, replacement price Koha item type
    Not For Loan Non-fiction Central Library Central Library 14/05/2019 DBAD/PUB 150.00 510 CHE B-009937 1 150.00 English Books

© Delhi Public Library
Hit Counter
free hit counter